Statistics for Kdrama and Korean movie quiz

Click here to take the quiz!

General Stats

  • This quiz has been taken 658 times
  • The average score is 8 of 16

Answer Stats

Answer% Correct
Squid Game
96%
Vincenzo
86%
All of us are dead
79%
Money Heist
76%
Snowdrop
75%
Twenty-Five Twenty-One
72%
Hospital Playlist
71%
Hi Bye, Mama
53%
Taxi Driver
51%
While you were sleeping
47%
Extra Curricular
35%
I am not a robot
29%
Space Sweepers
21%
My first first love
16%
Sweet and Sour
16%
Narcos Saints
4%

Score Distribution

Percentile by Number Answered

Percent of People with Each Score

Your Score History

You have not taken this quiz